00478nam a2200157Ia 450000500170000000800460001703700120006304000200007504100130009508400190010810000160012724500940014326000480023730000090028565000260029420250508161947.0008 250505s9999 xx 000 0 eng d aTextual aFEDLbengcFEDL aeng2eng a370, SODqFEDL aSodhi T. S. 0aEducation and economic development : A treatise on the problems of economics of education aLudhiana, IndiabMukand Publications c1978 a244p aEconomics - Education